|
|
|
|
| LEADER |
00000nbm0a2200000 4500 |
| 001 |
135931 |
| 005 |
20231031140256.0 |
| 035 |
|
|
|a (RuTPU)RU\TPU\book\147313
|
| 090 |
|
|
|a 135931
|
| 100 |
|
|
|a 20080416d1970 k y0rusy50 ca
|
| 101 |
0 |
|
|a rus
|
| 102 |
|
|
|a RU
|
| 105 |
|
|
|a a m 001zy
|
| 200 |
1 |
|
|a Разработка математических методов расчета гранулометрических составов заполнителей композиционных материалов типа бетон с применением ЦВМ
|e Диссертация на соискание ученой степени кандидата технических наук
|f В. И. Сесь
|g Томский политехнический институт (ТПИ) ; А. А. Воробьев , В. А. Воробьев
|
| 210 |
|
|
|a Томск
|d 1970
|
| 215 |
|
|
|a 115 л.
|c ил.
|
| 320 |
|
|
|a Библиогр.: с. 95-105 (118 назв.)
|
| 610 |
1 |
|
|a диссертации
|
| 610 |
1 |
|
|a композиционные материалы
|
| 610 |
1 |
|
|a заполнители
|
| 610 |
1 |
|
|a бетон
|
| 610 |
1 |
|
|a гранулометрический состав
|
| 610 |
1 |
|
|a математические методы
|
| 610 |
1 |
|
|a ЦВМ
|
| 610 |
1 |
|
|a цифровые модели
|
| 610 |
1 |
|
|a расчет
|
| 610 |
1 |
|
|a экспериментальное исследование
|
| 610 |
1 |
|
|a труды учёных ТПУ
|
| 675 |
|
|
|a 666.97(04)
|v 3
|
| 675 |
|
|
|a 624.91.32(04)
|v 3
|
| 700 |
|
1 |
|a Сесь
|b В. И.
|
| 702 |
|
1 |
|a Воробьев
|b А. А.
|c российский физик
|c ректор Томского политехнического института, профессор
|f 1909-1981
|g Александр Акимович
|2 stltpush
|3 (RuTPU)RU\TPU\pers\12805
|4 727
|
| 712 |
0 |
2 |
|a Томский политехнический институт (ТПИ)
|c (1944-1991)
|2 stltpush
|3 (RuTPU)RU\TPU\col\1123
|
| 801 |
|
1 |
|a RU
|b 63413507
|c 20080416
|g PSBO
|
| 801 |
|
2 |
|a RU
|b 63413507
|c 20111212
|g RCR
|
| 942 |
|
|
|c BK
|